NLSUI OPAC header image

Hakku-haṅgu : (Record no. 117273)

MARC details
000 -LEADER
fixed length control field 01426cam a2200409 i 4500
001 - CONTROL NUMBER
control field 17113679
003 - CONTROL NUMBER IDENTIFIER
control field OSt
005 - DATE AND TIME OF LATEST TRANSACTION
control field 20200613160730.0
008 - FIXED-LENGTH DATA ELEMENTS--GENERAL INFORMATION
fixed length control field 120110s2011 ii b 000 0 kan
010 ## - LIBRARY OF CONGRESS CONTROL NUMBER
LC control number 2011353503
020 ## - INTERNATIONAL STANDARD BOOK NUMBER
International Standard Book Number 9789380994932
025 ## - OVERSEAS ACQUISITION NUMBER
Overseas acquisition number I-Kan-2011-353503; 22-90
037 ## - SOURCE OF ACQUISITION
Source of stock number/acquisition Library of Congress -- New Delhi Overseas Office
040 ## - CATALOGING SOURCE
Original cataloging agency DLC
Language of cataloging eng
Transcribing agency DLC
Description conventions rda
Modifying agency DLC
042 ## - AUTHENTICATION CODE
Authentication code lcode
-- pcc
043 ## - GEOGRAPHIC AREA CODE
Geographic area code a-ii---
050 00 - LIBRARY OF CONGRESS CALL NUMBER
Classification number HC437.K27
Item number C356 2011
082 ## - DEWEY DECIMAL CLASSIFICATION NUMBER
Classification number 331.11423 CHA
100 1# - MAIN ENTRY--PERSONAL NAME
Personal name Candraśēkhara, Ṭi. Ār
245 10 - TITLE STATEMENT
Title Hakku-haṅgu :
Remainder of title Abhivr̥ddhi adhyayana prabandhagaḷu /
Statement of responsibility, etc. Ḍā. Ṭi. Ār. Candraśēkhara.
264 #1 - PRODUCTION, PUBLICATION, DISTRIBUTION, MANUFACTURE, AND COPYRIGHT NOTICE
Place of production, publication, distribution, manufacture Haṃpi :
Name of producer, publisher, distributor, manufacturer Prasārāṅga, Kannaḍa Viśvavidyālaya,
Date of production, publication, distribution, manufacture, or copyright notice 2011.
300 ## - PHYSICAL DESCRIPTION
Extent 250 pages ;
Dimensions 22 cm
336 ## - CONTENT TYPE
Content type term text
Source rdacontent
337 ## - MEDIA TYPE
Media type term unmediated
Source rdamedia
338 ## - CARRIER TYPE
Carrier type term volume
Source rdacarrier
504 ## - BIBLIOGRAPHY, ETC. NOTE
Bibliography, etc. note Includes bibliographical references.
520 ## - SUMMARY, ETC.
Summary, etc. Collection of essays on human development in Karnataka, India.
546 ## - LANGUAGE NOTE
Language note In Kannada
650 #0 - SUBJECT ADDED ENTRY--TOPICAL TERM
Topical term or geographic name entry element Human capital
Geographic subdivision India
-- Karnataka.
650 #0 - SUBJECT ADDED ENTRY--TOPICAL TERM
Topical term or geographic name entry element Quality of life
Geographic subdivision India
-- Karnataka.
651 #0 - SUBJECT ADDED ENTRY--GEOGRAPHIC NAME
Geographic name Karnataka (India)
General subdivision Economic conditions.
651 #0 - SUBJECT ADDED ENTRY--GEOGRAPHIC NAME
Geographic name Karnataka (India)
General subdivision Social conditions.
710 2# - ADDED ENTRY--CORPORATE NAME
Corporate name or jurisdiction name as entry element Kannada University.
Subordinate unit Prasaranga.
906 ## - LOCAL DATA ELEMENT F, LDF (RLIN)
a 7
b cbc
c origode
d 3
e ncip
f 20
g y-gencatlg
942 ## - ADDED ENTRY ELEMENTS (KOHA)
Source of classification or shelving scheme Dewey Decimal Classification
Koha item type CSSEIP Office Library Collection
Holdings
Withdrawn status Lost status Source of classification or shelving scheme Materials specified (bound volume or other part) Damaged status Not for loan Home library Current library Shelving location Date acquired Total Checkouts Full call number Barcode Date last seen Price effective from Koha item type Public note
    Dewey Decimal Classification PB     . . CSSEIP Office Library - Ambedkar Studies Books 13.06.2020   331.11423 CHA AMB053 13.06.2020 13.06.2020 CSSEIP Office Library Collection Available in CSSEIP Department Library